Meta : (Registro nro. 38530)

Detalles MARC
000 -CABECERA
Longitud fija campo de control 01192cam a2200349 a 4500
003 - IDENTIFICADOR DEL NUMERO DE CONTROL
Identificador del número de control CO-BoRNBP
005 - FECHA Y HORA DE LA ULTIMA TRANSACCION
Fecha y hora de la última transacción 20250801162558.0
007 - CAMPO FIJO DE DESCRIPCION FISICA
Campo fijo de descripción física ta
008 - CODIGOS DE INFORMACION DE LONGITUD FIJA
Códigos de información de longitud fija 950614s1991 ck abo r 00110 spa d
040 ## - FUENTE DE LA CATALOGACION
Centro catalogador de origen la
Centro transcriptor la
Lengua de catalogación spa
Normas de descripción rda
041 0# - CODIGO DE LENGUA
Código de lengua del texto/banda sonora o título independiente spa
043 ## - CODIGO DE AREA GEOGRAFICA
Código de área geográfica s-ck---
082 04 - NUMERO DE LA CLASIFICACION DECIMAL DEWEY
Número de clasificación (R) 918.659
Número del ítem I57m
110 2# - PUNTO DE ACCESO PRINCIPAL-NOMBRE DE ENTIDAD CORPORATIVA
Nombre de entidad corporativa o nombre de jurisdicción como elemento inicial Instituto Geográfico "Agustín Codazzi".
Unidad subordinada Subdirección de Geografía.
245 10 - TITULO PROPIAMENTE DICHO
Título Meta :
Resto del título características geográficas /
Mención de responsabilidad, etc. Instituto Geográfico Agustín Codazzi . Subdirección de Geografía.
250 ## - MENCION DE EDICION
Mención de edición Primera edición
300 ## - DESCRIPCION FISICA
Extensión 142 p. :
Otras características físicas il., mapas, fots. ;
Dimensiones 28 cm.
336 ## - TIPO DE CONTENIDO
Fuente rdacontenido
Término de tipo de contenido texto
Código de tipo de contenido txt
337 ## - TIPO DE MEDIO
Fuente rdamedio
Nombre del tipo de medio sin mediación
Código del tipo de medio n
338 ## - TIPO DE SOPORTE
Fuente rdasoporte
Nombre del tipo de soporte volumen
Código del tipo de soporte nc
504 ## - NOTA DE BIBLIOGRAFIA, ETC
Nota de bibliografía, etc. Incluye bibliografía.
650 #7 - PUNTO DE ACCESO ADICIONAL DE MATERIA - TERMINO DE MATERIA
Término de materia o nombre geográfico como elemento inicial Geografía histórica.
Fuente del encabezamiento BLAAUTO
651 #7 - PUNTO DE ACCESO ADICIONAL DE MATERIA - NOMBRE GEOGRAFICO
Nombre geográfico Meta (Colombia)
Subdivisión de materia general Condiciones económicas.
651 #7 - PUNTO DE ACCESO ADICIONAL DE MATERIA - NOMBRE GEOGRAFICO
Nombre geográfico Meta (Colombia)
Subdivisión de materia general Geografía.
651 #7 - PUNTO DE ACCESO ADICIONAL DE MATERIA - NOMBRE GEOGRAFICO
Nombre geográfico Meta (Colombia)
Subdivisión de materia general Geografía histórica.
651 #7 - PUNTO DE ACCESO ADICIONAL DE MATERIA - NOMBRE GEOGRAFICO
Nombre geográfico Meta (Colombia)
Subdivisión de materia general Descripción.
830 #0 - PUNTO DE ACCESO ADICIONAL DE SERIE - TITULO UNIFORME
Título uniforme Corpes-Orinoquía-Libros
942 ## - ENTRADA DE ELEMENTOS AGREGADOS (KOHA)
Fuente de clasificaión o esquema Dewey Decimal Classification
Koha [por defecto] tipo de item LIbro
949 ## - TRATAMIENTO DE LA INFORMACION LOCAL (OCLC)
a c
b c
Existencias
Perdido Fuente de clasificación o esquema Estado Físico No para préstamo Forma de adquisición Localización permanente Localización actual Localización en estanterías Fecha adquisición Fuente de adquisición Préstamos totales Signatura completa Código de barras Fecha última consulta Número de copia Fecha del precio de reemplazo Tipo de item de Koha
  Dewey Decimal Classification     Colección General Biblioteca Pública Guamal Biblioteca Pública Guamal Literatura 11/12/2024 Literatura Regional   918.6156 I59m GUA004444 11/12/2024 Ej.1 11/12/2024 LIbro
  Dewey Decimal Classification     Colección General Biblioteca Pública Guamal Biblioteca Pública Guamal Literatura 11/12/2024 Literatura Regional   918.6156 I59m GUA004445 11/12/2024 Ej.1 11/12/2024 LIbro









Instituto Departamental de Cultura del Meta - Red Departamental de Bibliotecas Públicas del Meta.